| 000 | 01149cab a22002295a 4500 | ||
|---|---|---|---|
| 001 | L151303 | ||
| 008 | 101019e20101001xxk 000 0 eng d | ||
| 035 | _a(Sirsi) u151303 | ||
| 041 | 0 | _aeng | |
| 100 | 1 | _aSandher, Hardeep | |
| 245 | 0 | 0 |
_aMarkets _bYorkshire and Lincolnshire |
| 260 | _c2010 | ||
| 490 | 0 |
_aProperty Week _v76(39) 1 October 2010, 61-68(5) |
|
| 520 | _aLeeds centre mixed-use property West Riding House is being brought to market by LPA receiver GVA Grimley with a £50m price tag. Central Leeds office deals have held up well, totalling more than £125m but retail prime rents remain in the grips of decreasing zone A rental levels DTZ's report on the Yorkshire and Humber industrial property market notes that big sheds are again in vogue but incentives mask the true market position. Three shopping centres in Leeds (Eastgate and White Rose) and Wakefield (Trinity Walk) are being expanded or developed. | ||
| 590 | _aKA | ||
| 651 | 4 |
_aYorkshire _y1888- |
|
| 651 | 4 | _aLincolnshire | |
| 690 | _aPROPERTY-COMMERCIAL PROPERTY-COMMERCIAL PROPERTY MARKET | ||
| 700 | 1 | _aStephenson, Jon | |
| 700 | 1 | _aDay, Tom | |
| 942 | _n0 | ||
| 999 |
_c82754 _d82754 |
||